000 00714nam a2200229Ia 4500
003 OSt
005 20220926010428.0
006 a|||||r|||| 00| 0
007 ta
008 220923b |||||||| |||| 00| 0 eng d
037 _cGeneral Book
040 _aRTL
_cRTL
_beng
041 _2eng
_aeng
082 _aU481:(F55).1(X).N8, M4
100 _aGupta Vinod Ed.
_9312291
245 0 _aEnergy and habitat
_b Town planning and building design for Energy Conversation
260 _a New Delhi
_bWiley Eastern Limited India
_c1984
300 _a96p
_ccm.
650 _aHuman Geography
_91464
942 _hU481:(F55).1(X).N8, M4
_cGB
_2CC
999 _c617234
_d617234